Music Quiz

Random Music or Lyrics Quiz

A Boy Named Sue Lyrics: Part 1 Quiz Stats

 Plays Quiz not verified by Sporcle

Challenge
Share
Tweet
Embed
Score 0/299 Timer 20:00
0 Plays Today
% Correct
(Yeah! that's what I told him!)
99.4%
Link to Part 2 above!
99.4%
I
98.1%
an
98.1%
I
98.1%
I
98.1%
I
98.1%
I
98.1%
I
98.1%
I
98.1%
I
98.1%
I
98.1%
I
98.1%
I
98.1%
I
98.1%
I
98.1%
my
97.8%
a
97.8%
my
97.8%
My
97.8%
my
97.8%
my
97.8%
my
97.8%
my
97.8%
my
97.8%
my
97.8%
'My
97.8%
And
97.5%
and
97.5%
me
97.5%
and
97.5%
and
97.5%
and
97.5%
me
97.5%
And
97.5%
and
97.5%
And
97.5%
and
97.5%
and
97.5%
and
97.5%
me
97.5%
and
97.5%
and
97.5%
And
97.5%
me
97.5%
And
97.5%
and
97.5%
and
97.5%
me
97.5%
And
97.5%
and
97.5%
and
97.5%
and
97.5%
and
97.5%
And
97.5%
and
97.5%
And
97.5%
name.
97.2%
name
97.2%
was
96.8%
Was
96.8%
was
96.8%
was
96.8%
was
96.8%
was
96.8%
was
96.8%
to
96.5%
'Sue'.
96.5%
a'
96.5%
a
96.5%
a
96.5%
a
96.5%
a
96.5%
Sue.
96.5%
a
96.5%
a
96.5%
a
96.5%
a
96.5%
Sue.
96.5%
dad
96.5%
a
96.5%
Sue
96.5%
an
96.2%
when
95.9%
he
95.9%
he
95.9%
he
95.9%
he
95.9%
he
95.9%
he
95.9%
He
95.9%
named
95.6%
named
95.6%
named
95.6%
left
95%
left
95%
ma
94.6%
to
94.6%
to
94.6%
to
94.6%
% Correct
to
94.6%
the
93.7%
the
93.7%
the
93.7%
the
93.7%
the
93.7%
do
93.4%
do?
93.4%
ya,
93.1%
that
92.7%
that
92.7%
That
92.7%
that
92.7%
that
92.7%
that
92.7%
that
92.7%
that
92.7%
that
92.7%
that
92.7%
you
92.7%
of
92.4%
of
92.4%
of
92.4%
did
92.1%
Well
91.5%
Well
91.5%
Well
91.5%
Well
91.5%
Well
91.5%
Well
91.5%
went
91.2%
for
90.9%
old
90.2%
old
90.2%
old
90.2%
Now,
89.9%
Now
89.9%
home
89.6%
Daddy
89.3%
boy
89.3%
how
89%
is
88.6%
three
88.3%
mean,
88.3%
didn't
88%
ever
88%
leave
87.7%
had
87.7%
had,
87.7%
much
87.4%
But
87.4%
before
87.4%
But
87.4%
him
87.1%
thing
87.1%
him
87.1%
him
87.1%
Just
86.8%
from
86.8%
from
86.8%
man
86.8%
just
86.8%
From
86.8%
it
86.4%
it
86.4%
it
86.4%
die'.
85.8%
life
85.5%
I'd
85.5%
I'd
85.5%
life
85.5%
I'd
85.5%
I'd
85.5%
I'd
85.5%
I'd
85.5%
gonna
85.2%
you're
84.9%
on
83.9%
on
83.9%
his
83.6%
his
83.6%
his
83.6%
eye.
83.6%
got
83.3%
got
83.3%
got
83.3%
in
83.3%
bottle
83%
empty
82.6%
mother'd
82.6%
ain't
82%
run
81.4%
easy
81.4%
give
81.4%
knew
81.4%
picture
81.4%
knew
81.4%
booze.
80.8%
thought
80.8%
up
80.8%
% Correct
up
80.8%
thought
80.8%
said
80.8%
Some
80.4%
would
80.4%
some
80.4%
laugh
80.4%
meanest
80.1%
hit
80.1%
hit
80.1%
guitar
79.8%
tell
79.8%
this
79.5%
town
79.5%
town
79.5%
town
79.5%
hid
79.2%
fight
79.2%
head.
79.2%
hard
78.9%
have
78.9%
hard
78.9%
grew
78.2%
grew
78.2%
awful
78.2%
through.
77.9%
out
77.6%
lot
77.3%
whole
77.3%
gal
76.7%
joke
75.7%
folk.
75.7%
guy'd
75.7%
At
75.7%
at
75.7%
at
75.7%
right
75.7%
don't
75.4%
red
75.4%
get
75.1%
bust
74.8%
myself
74.8%
'cause
74.4%
blame
73.8%
must
73.8%
laughs
73.8%
giggle
73.8%
worn
73.8%
dry,
73.5%
brew.
73.5%
mid
73.2%
There
73.2%
kill
72.9%
July
72.9%
throat
72.2%
ran
72.2%
evil
71.9%
blood
71.9%
sweet
71.3%
eyes
71.3%
quite
71%
bars
71%
search
71%
fists
70.3%
hide
70.3%
made
70.3%
scar
70.3%
looked
70.3%
between
70.3%
shame.
70%
cold,
70%
stop
69.7%
own
69.7%
keen.
69.4%
table
69.1%
mud,
67.8%
wits
67.2%
lots
66.9%
saloon
66.9%
stud,
66.6%
Sat
66.6%
moon
65.9%
stars
65.9%
dealin'
65.9%
cheek
65.3%
dirty
64.7%
honky-tonks
64.4%
roam
64%
street
63.7%
quick
63.1%
dog
61.8%
mangy
60.3%
Seems
59%
vow
59%
grey
58.4%
big
56.5%
Gatlinburg
53%
bent
49.2%
snake
47.6%

You're not logged in!

Compare scores with friends on all Sporcle quizzes.
Join for Free
OR
Log In

You Might Also Like...

Show Comments

Extras

Top Quizzes Today


Score Distribution

Your Account Isn't Verified!

In order to create a playlist on Sporcle, you need to verify the email address you used during registration. Go to your Sporcle Settings to finish the process.

Report this User

Report this user for behavior that violates our Community Guidelines.

Details: